000 00426nam a2200181Ia 4500
008 230524s9999 xx 000 0 und d
020 _a8120309324
082 _a4.162
_bTAN
100 _aAaromm Tanenbeaum
245 0 _aData Structure Using Pascal
250 _a2ND
260 _aNEW DELHI
_bPHI
_c1998
300 _aX;774
500 _aQuantity Number: 4
650 _aComp-Sc
700 _a M Augenstein
942 _cBK
999 _c6910
_d6910